logo

Bir Sreshtho Munshi Abdur Rouf Library
Jhenaidah Cadet College

Discovering The Universe / (Record no. 4973)

MARC details
000 -LEADER
fixed length control field 00613nam a2200241 a 4500
001 - CONTROL NUMBER
JCCL Control Number 4973
003 - CONTROL NUMBER IDENTIFIER
JCCL marc code BD-JhCC
005 - DATE AND TIME OF LATEST TRANSACTION
control field 20171206103130.0
008 - FIXED-LENGTH DATA ELEMENTS--GENERAL INFORMATION
fixed length control field 171206s1964 e a|||| || | 001 0 eng d
035 ## - SYSTEM CONTROL NUMBER
system control number (BD-JhCC)4973
040 ## - CATALOGING SOURCE
Original cataloging agency BD-JhCC
Modifying agency BD-JhCC
041 ## - LANGUAGE CODE
Language code of Book eng
082 ## - DEWEY DECIMAL CLASSIFICATION NUMBER
Classification number 523.1
Author mark and Year BER 1964
100 ## - MAIN ENTRY--PERSONAL NAME
Personal name Bernard
245 ## - TITLE STATEMENT
Title Discovering The Universe /
Statement of responsibility, etc Bernard
260 ## - PUBLICATION, DISTRIBUTION, ETC. (IMPRINT)
Place of publication, distribution, etc London :
Name of publisher, distributor, etc The English Language Book Society and Ernest Benn Ltd,
Date of publication, distribution, etc 1964
300 ## - PHYSICAL DESCRIPTION
Pagination 135 p. :
Dimensions 25 cm.
650 ## - SUBJECT ADDED ENTRY--TOPICAL TERM
Topical term or geographic name as entry element Astronomy
650 ## - SUBJECT ADDED ENTRY--TOPICAL TERM
Topical term or geographic name as entry element Cosmology
700 ## - ADDED ENTRY--PERSONAL NAME
Personal name Lovell, Joyce
942 ## - ADDED ENTRY ELEMENTS (KOHA)
Source of classification or shelving scheme Dewey Decimal Classification
Koha item type Books
Holdings
Source of classification or shelving scheme Damaged status Not for loan Home library Current library Shelving location Date of accession Total Checkouts Full call number Barcode Date last seen Copy number Koha item type
Dewey Decimal Classification     JCC Rouf Library JCC Rouf Library General Stacks 12/06/2017   523.1 BER 1964 6628 12/06/2017 C-1 Books

JCC Library | Contacts | JCC Home

Last Update on 23 September 2017
Copyright @ 2017-2020 JCC Rouf Library
Rouf Library, Jhenidah Cadet College (JCC), Bangladesh